Letters and leadership /

Saved in:
Bibliographic Details
Main Author: Brooks, Van Wyck, 1886-1963
Format: Book
Language:English
Published: New York : B.W. Huebsch, 1918.
LEADER 00671nam a2200193 a 4500
001 c000407682
003 CARM
005 00000000000000.0
008 s1918 nyu 00011 eng d
019 1 |a 4465567 
040 |a VDU  |c VDU 
082 0 4 |a 810.52  |2 19 
100 1 |a Brooks, Van Wyck,  |d 1886-1963. 
245 1 0 |a Letters and leadership /  |c by Van Wyck Brooks. 
260 |a New York :  |b B.W. Huebsch,  |c 1918. 
300 |a 129 p. ;  |c 20 cm. 
852 8 |b CARM  |h A3:AF21A0  |i A05696  |p 0583628  |f BK 
999 f f |i e4e0576a-3aa2-5e0e-b513-9297d1b54412  |s 8205a607-37c6-5c77-ba18-47ebfe44379a 
952 f f |p Can circulate  |a CAVAL  |b CAVAL  |c CAVAL  |d CARM 1 Store  |e A05696  |f A3:AF21A0  |h Other scheme  |i book  |m 0583628